000 00879nac a22002537a 4500
001 BR8403978
003 BR-BrBNA
005 20240105120115.0
008 230509b bl.|||m| |||| 00| 0 por d
040 _aBR-BrBNA
_bpor
_cBiblioteca Nacional de Agricultura
072 _aP05; E70; E10
090 _aP05 BR8403978
110 1 _aMinisterio das Relacoes Exteriores, Brasilia, DF (Brasil). Depto. Economico
_97088
245 1 _aReservado n. 74. Setembro de 1984 [Ministerio das Relacoes Exteriores, Brasil]
260 3 _aBrasilia, DF (Brasil):
_c1984.
300 _a44 p.
490 _aResenha Mensal - Ministerio das Relacoes Exteriores. Depto. Economico (Brazil)
_v
_x
500 _a18 tables
650 _aRECURSO ENERGETICO
650 _aRECURSO ECONOMICO
650 _aPOLITICA COMERCIAL
909 _a202312
_bLúcia Elande
_c55
_dLúcia Elande
942 _2AGRIS
_n0
_cMS
999 _c277977
_d277977